| 000 | 00568nam a2200193Ia 4500 | ||
|---|---|---|---|
| 003 | GCL | ||
| 008 | 140319s9999 xx 000 0 ara d | ||
| 040 |
_aGCL / _cGCL |
||
| 082 | 0 | 4 |
_a172.1 _bع م |
| 100 | 1 | _aعبدالله العروبى | |
| 245 | 1 | 0 |
_aمفهوم الدولة / _cعبدالله العروبى |
| 260 |
_a[S.N] : _bدار التنوير للطباعة والنشر ، _c1983 |
||
| 300 | _a181 ص | ||
| 490 | _a | ||
| 650 | 0 | 4 | _aالفلسفة |
| 650 | 0 | 4 | _aالدولة |
| 650 | 0 | 4 | _aعلاقة الدولة بالافراد |
| 942 |
_2ddc _cBK |
||
| 999 |
_c45722 _d45722 |
||